| 000 | 00769nam a22002175i 4500 | ||
|---|---|---|---|
| 001 | 168813 | ||
| 003 | ES-MaACL | ||
| 005 | 20251009063058.0 | ||
| 008 | 080611q1900 fr |||| | fre d | ||
| 080 | _a782.089.6 | ||
| 100 | 1 |
_aFauré, Gabriel, _d1845-1924 _9137931 |
|
| 245 | 1 | 0 |
_aProméthée : _btragédie lyrique en 3 actes / _cde Jean Lorrain et F.A. Hérold ; musique de Gabriel Fauré. |
| 254 | _aChant seul. | ||
| 260 |
_aParis : _bJ. Hamelle, _c[ca. 1900] |
||
| 300 |
_a1 partitura de coro (58 p.) ; _c19 cm. |
||
| 650 | 4 |
_aÓperas- _xPartituras de coro. _9137579 |
|
| 700 | 1 |
_aLorrain, Jean. _974232 |
|
| 700 | 1 |
_aHérold, Ferdinand. _9137970 |
|
| 852 | 4 |
_aES-MaACL _jE-12069 _z- Biblioteca Jacinto Martínez Lacalle |
|
| 999 |
_c168813 _d168813 |
||